Transformaciones en el empleo y el territorio (Registro nro. 34639)

Detalles MARC
000 -LEADER
fixed length control field 00359 a2200109 4500
001 - CONTROL NUMBER
control field ART_45066
005 - DATE AND TIME OF LATEST TRANSACTION
control field 20260410162038.0
008 - FIXED-LENGTH DATA ELEMENTS--GENERAL INFORMATION
fixed length control field 260409a
100 1# - MAIN ENTRY--PERSONAL NAME
Personal name Bussetti, Mónica
245 10 - TITLE STATEMENT
Title Transformaciones en el empleo y el territorio
773 0# - HOST ITEM ENTRY
Title Revista de estudios regionales y mercado de trabajo
Related parts - N° 3 (ene./dic. 2007)
Record control number REV44894

No hay ítems disponibles.